La escuela que hicimos entre todos : relato de una experiencia institucional /
Guardado en:
| Autor Principal: | |
|---|---|
| Otros Autores: | , |
| Formato: | Libro |
| Publicado: |
Buenos Aires :
Novedades Educativas
|
| Series: | Colección Gestión Institucional
|
| Materias: | |
| Etiquetas: |
Agregar Etiqueta
Sin Etiquetas, Sea el primero en etiquetar este registro!
|
| LEADER | 01253nam a22002295a 4500 | ||
|---|---|---|---|
| 001 | CEM.cems011073 | ||
| 005 | 20071129155750.0 | ||
| 008 | 130507b######################000#0#####d | ||
| 003 | CEMS | ||
| 020 | |a 9879191226 | ||
| 082 | 0 | 4 | |a 371.2 |
| 100 | 1 | |a Svarzman, José H. | |
| 245 | 1 | 0 | |a La escuela que hicimos entre todos : |b relato de una experiencia institucional / |c José H. Svarzman ... [et Al.] |
| 260 | |a Buenos Aires : |b Novedades Educativas | ||
| 300 | |a 141 p. | ||
| 490 | 0 | |a Colección Gestión Institucional | |
| 505 | 0 | |a El ámbito de trabajo -- El 75º aniversario de la escuela: un largo diagnóstico -- La evaluación institucional y de los docentes -- La capacitación docente en la institución -- El trabajo en las aulas -- La biblioteca escolar -- Las materias especiales también existen -- Los actos escolares -- La experiencia de talleres optativos -- El comedor escolar -- Consejos de grado y de escuela -- La evaluación de los aprendizajes -- La escuela y la comunidad -- Una jornada particular -- Testimonios -- Momentos. Algo especial | |
| 653 | |a Educación | ||
| 653 | |a Gestión institucional | ||
| 700 | 1 | |a Escobar, María Laura | |
| 700 | 1 | |a González, Beatriz D. | |
| 859 | |a CEMS |b BIB. CEMS - 11 de abril |h 371.2 |i Sv17 |p 21874.02 |t Ej.1 | ||
